Statistics for Sports Stars by Picture and Letter - 'L'

Click here to take the quiz!

General Stats

  • This quiz has been taken 44 times
  • The average score is 8 of 20

Answer Stats

Answer% Correct
Carl Lewis
77%
Robert Lewandowski
74%
Ivan Lendl
59%
Joe Louis
56%
Michael Laudrup
56%
Greg Louganis
54%
Rod Laver
54%
Sugar Ray Leonard
46%
Bernhard Langer
44%
Shaoang Liu
36%
Brian Lara
33%
Jonah Lomu
31%
Mario Lemieux
28%
Katie Ledecky
26%
Noah Lyles
26%
Renaud Lavillenie
26%
Denis Lillee
23%
Larisa Latynina
13%
Vasyl Lomachenko
13%
Ricardo Lopez
10%

Score Distribution

Percentile by Number Answered

Percent of People with Each Score

Your Score History

You have not taken this quiz